Maantiedettä kirjaimittain - S - Statistics

Yleistilastot
  • Tätä visaa on pelattu 1 550 kertaa
  • Keskiarvotulos 13 / 24
Vastaustilastot
Vihje Vastaus % Oikein
Maailman suurin kuuma aavikko Sahara
99%
Euroopan suurin talous BKT:n mukaan Saksa
90%
Suurista öljyvarannoistaan tunnettu valtio Saudi-Arabia
85%
Pariisin läpi virtaava joki Seine
84%
Edinburgh on tämän "maan" pääkaupunki Skotlanti
84%
Venäjän laajojen itäosien nimi Siperia
83%
Valtio Afrikan sarvessa Somalia
81%
Golden Gate Bridge sijaitsee tässä kaupungissa San Francisco
76%
Välimeren suurin saari Sisilia
67%
Välimeren ja Punaisenmeren yhdistävä kanava Suezin kanava
66%
Jangtsejoen suulla sijaitseva megakaupunki Shanghai
60%
Japanin alkuperäisuskonto Šintolaisuus
55%
Etelä-Amerikan suurin kaupunki São Paulo
54%
Muinaisen Ateenan kilpakumppani Sparta
52%
Ruumiillisista rangaistuksista tunnettu kaupunkivaltio Singapore
49%
Egyptille kuuluva suuri niemimaa Siinai
45%
Hồ Chí Minhin kaupungin entinen nimi Saigon
42%
Tansanialle kuuluva merkittävä saaristo Sansibar
33%
Kööpenhamina sijaitsee tällä saarella Sjellanti
30%
Victorian putoukset sijaitsevat tässä joessa Sambesi
24%
Savannin peittämä kuivahko alue yllä olevan eteläpuolella Sahel
22%
Mausteisesta ruoasta tunnettu provinssi Kiinan lounaisosissa Sichuan
17%
Norjan pisin vuono Sognevuono
14%
Jemenille kuuluva saariryhmä yllä olevan itäpuolella Sokotra
12%
Ehtoja vastaavia visoja ei löytynyt
Tulosjakauma
Jokaisen tuloksen saaneiden osuus
Persentiili vastausten määrän mukaan
Tuloshistoriasi
Et ole pelannut tätä visaa